000 00394cam a22001337a 4500
008 180718b1927 xxu||||| |||| 00| 0 eng d
082 _aT19x54 K124
100 _aKale, Vaman Govind
245 _aAn introduction to the study of Indian econmics
_cby Vaman Govind Kale
250 _a6th ed.
260 _aPoona
_bArya Bhushan Press
_c1927
300 _a2v.
650 _aIndia - Economic Conditions
999 _c371060
_d371060